000 03726nam a22003137i 4500
001 TCPA 58
003 gtcocun
005 20250910223327.0
006 a||||gr|||| 00| 0
008 250910b2018 gt ||||| m||| 00| 0 eng d
040 _agtcocun
_bSPA
_cgtcocun
_eRDA
041 _aSPA
084 _0TCPA 58
100 _aCoy Mó, Brenda Fabiola
_eAutor
245 _aInforme final del Ejercicio Profesional Supervisado, realizado en Repuestos Ibañez Sociedad Anónima, Cobán, Alta Verapaz
_cBrenda Fabiola Coy Mó
_hImpreso
264 _aCobán, Alta Verapaz:
_bUniversidad de San Carlos de Guatemala, Centro Universitario del Norte, Licenciatura en Contaduría Pública y Auditoría.
_c2018
300 _a61 p.:
_bIlustraciones, gráficas.
_c28 cm; PDF
336 _2rdacontenido
_aTexto
_btxt
337 _2rdamedio
_aComputadora
_bn
338 _2rdasoporte
_aCódigo en línea
_bcr
502 _e.
502 _aTesis de grado
_bLicenciatura en Contaduría Pública y Auditoría.
_cUniversidad de San Carlos de Guatemala, Centro Universitario del Norte, Licenciatura en Contaduría Pública y Auditoría.
_d2018
_oTCPA 58
520 1 4 _aLa Universidad de San Carlos de Guatemala, a través del Centro Universitario del Norte y la carrera de contaduría pública y auditoría, incluye en su pensum de estudio el desarrollo del Ejercicio Profesional Supervisado, por medio del cual permite al estudiante poner en práctica los conocimientos adquiridos durante la formación académica. El Ejercicio profesional supervisado se desarrolló en la empresa denominada Repuestos Ibañez, Sociedad Anónima, ubicada en la 1a Calle 2-03, Zona 4 Cobán, Alta Verapaz. Que inició operaciones en el año de 1,969. Su actividad económica principal es la compra, venta de partes, piezas, y accesorios de vehículos automotores. Mediante la etapa de diagnóstico se identificaron debilidades que impiden alcanzar los objetivos, las cuales fueron jerarquizadas, se desarrollaron e implementaron tres actividades con el propósito de dar respuesta y brindar soluciones viables. En la ejecución de la primera actividad se realizó toma física de inventario al treinta de junio del año dos mil dieciséis y se detectaron hallazgos de control interno presentadas a la gerencia. Se desarrolló auditoría a los estados financieros de los períodos contables anuales 2014 y 2015 para determinar la razonabilidad de los saldos reflejados en los estados financieros, como resultado se identificaron deficiencias de control interno y dictamen con criterio y juicio se emitió opinión Sin Salvedad ya que la administración realizó los ajustes y reclasificaciones de las cuentas. Fue necesario el desarrollo de la auditoría tributaria preventiva, para determinar la correcta presentación de los siguientes impuestos; impuesto al valor agregado, impuesto sobre la renta trimestral y anual, impuesto de solidaridad pagos trimestrales, con la finalidad de determinar las rectificaciones y la presentación de los impuesto omitidos ante la Superintendencia de Administración Tributaria. Por último se presentaron a la gerencia informes sobre los resultados obtenidos en el desarrollo de las actividades y recomendaciones, con el propósito de que la gerencia de seguimiento para la mejora de los procesos financieros y del control interno.
650 _2LEMB
_aCobán, Alta Verapaz
_xinventario
_xestados financieros
_xauditoria tributaria
700 _aLic. Obdulio Ottoniel León Pacay
_eAsesor
856 _uhttps://drive.google.com/file/d/1whe37k_XN3S73pepEA8t44FrXg5F7xih/view?usp=sharing
_yPDF
_zUn ejemplar en línea.
942 _2ddc
_cTES
_iTCPA_58
_kClasificación
_n0
_6TCPA__58
999 _c1778
_d1778